[Event "Valasska Bystrice Open"]
[Site "?"]
[Date "2011.09.16"]
[Round "8.2"]
[White "Maly, Marek"]
[Black "Vorobyov, Yrij"]
[Result "0-1"]
[WhiteElo "1996"]
[BlackElo "2155"]
[PlyCount "70"]
[EventDate "2011.09.10"]

1. d4 Nf6 2. c4 c5 3. d5 b5 4. cxb5 a6 5. bxa6 Bxa6 6. Nc3 g6 7. g3 d6 8. Bg2
Bg7 9. Nf3 Nbd7 10. Rb1 Nb6 11. b3 O-O 12. O-O Ra7 13. Re1 Qa8 14. e4 Ng4 15.
Bb2 Nd7 16. a4 Rb8 17. Bf1 Bxf1 18. Rxf1 Nge5 19. Nxe5 Nxe5 20. Nb5 Rab7 21. f4
Nd7 22. Bxg7 Kxg7 23. Qd2 f6 24. Qc3 Rc8 25. Rbe1 c4 26. e5 cxb3 27. Qd4 dxe5
28. fxe5 Rf8 29. exf6+ Nxf6 30. Qc5 Qxa4 31. Nc7 Rxc7 32. Qxc7 Qd4+ 33. Rf2
Qxf2+ 34. Kxf2 Nxd5+ 35. Qf4 Nxf4 0-1

[Event "Valasska Bystrice Open"]
[Site "?"]
[Date "2011.09.17"]
[Round "9.2"]
[White "Karlik, Vladimir"]
[Black "Mrva, Vladimir"]
[Result "1-0"]
[WhiteElo "2286"]
[BlackElo "2157"]
[PlyCount "73"]
[EventDate "2011.09.10"]

1. d4 Nf6 2. Nf3 e6 3. Bf4 Be7 4. e3 Nh5 5. Bg3 Nxg3 6. hxg3 d5 7. c4 Nd7 8.
Nc3 c6 9. Bd3 h6 10. Rc1 Bd6 11. g4 Be7 12. Qe2 dxc4 13. Bxc4 Nb6 14. Bd3 Nd5
15. a3 Nxc3 16. Rxc3 Bf6 17. Ne5 Bxe5 18. dxe5 Bd7 19. Be4 Qe7 20. Rd3 O-O-O
21. O-O Be8 22. Rfd1 Rxd3 23. Qxd3 Bd7 24. Qd4 a6 25. Bd3 Rd8 26. Bxa6 bxa6 27.
Qa7 Qg5 28. Qxa6+ Kc7 29. f4 Qh4 30. g5 hxg5 31. Qa5+ Kc8 32. Rd3 Qg4 33. Qa6+
Kc7 34. fxg5 Qh4 35. Qa5+ Kc8 36. Rb3 Qg4 37. Qa8+ 1-0

[Event "Valasska Bystrice Open"]
[Site "?"]
[Date "2011.09.17"]
[Round "9.3"]
[White "Vrana, Frantisek"]
[Black "Moravec, Vit"]
[Result "0-1"]
[WhiteElo "2249"]
[BlackElo "2144"]
[PlyCount "98"]
[EventDate "2011.09.10"]

1. d4 Nf6 2. Nc3 d5 3. Bg5 h6 4. Bxf6 exf6 5. e3 c6 6. Bd3 f5 7. Qf3 g6 8. h4
h5 9. Nge2 Nd7 10. Nf4 Nf6 11. Qg3 Bd6 12. f3 Qe7 13. Kd2 Be6 14. Qf2 O-O-O 15.
Rad1 Qc7 16. g3 Kb8 17. Kc1 Rhe8 18. Rhe1 Re7 19. Qd2 Rde8 20. Nce2 Bc8 21. Ng1
Nh7 22. Ngh3 Nf8 23. Kb1 Ne6 24. c3 Qa5 25. Re2 b6 26. Rde1 Ba6 27. e4 Nxf4 28.
Nxf4 Bxd3+ 29. Qxd3 dxe4 30. fxe4 Bxf4 31. gxf4 fxe4 32. Qe3 Qd5 33. Rg2 Re6
34. Rg5 f5 35. Reg1 Qd6 36. Qg3 e3 37. Re1 e2 38. Qh2 Qd5 39. Rg2 Qe4+ 40. Kc1
Qe3+ 41. Kc2 c5 42. dxc5 bxc5 43. Qg3 Qe4+ 44. Kc1 Qd5 45. b3 Re3 46. Qxg6
Rxc3+ 47. Kb2 Rce3 48. Rgg1 Qd4+ 49. Ka3 R3e6 0-1

[Event "Valasska Bystrice Open"]
[Site "?"]
[Date "2011.09.17"]
[Round "9.4"]
[White "Obsivac, Josef"]
[Black "Horak, Karel"]
[Result "1-0"]
[WhiteElo "2274"]
[BlackElo "2051"]
[PlyCount "61"]
[EventDate "2011.09.10"]

1. d4 Nf6 2. c4 c5 3. d5 b5 4. cxb5 a6 5. b6 Qxb6 6. Nc3 e6 7. e4 exd5 8. exd5
Be7 9. Nf3 O-O 10. Be2 d6 11. Nd2 Nbd7 12. Nc4 Qd8 13. O-O Ne5 14. Ne3 Ne8 15.
Bd2 Bb7 16. Qc2 Rc8 17. b3 Qc7 18. Rad1 Qb8 19. Nc4 Nf6 20. Bf4 Nfd7 21. Rfe1
Nxc4 22. Bxc4 Bf6 23. Ne4 Be5 24. Ng5 g6 25. Qe4 h6 26. Ne6 Nf6 27. Qd3 Bxf4
28. Nxf4 g5 29. Ng6 fxg6 30. Qxg6+ Kh8 31. Re7 1-0

[Event "Valasska Bystrice Open"]
[Site "?"]
[Date "2011.09.17"]
[Round "9.5"]
[White "Beran, Petr"]
[Black "Balacek, Tadeas"]
[Result "0-1"]
[WhiteElo "2086"]
[BlackElo "2245"]
[PlyCount "74"]
[EventDate "2011.09.10"]

1. Nf3 Nf6 2. d4 c5 3. c3 b6 4. Bf4 Bb7 5. e3 d6 6. Nbd2 Nbd7 7. a4 Nh5 8. Bc4
Nxf4 9. exf4 e6 10. O-O Be7 11. Qe2 O-O 12. Rfe1 Qc7 13. f5 e5 14. d5 Nf6 15.
Qd3 a6 16. Ne4 Nh5 17. Nfd2 Nf4 18. Qg3 Kh8 19. Rad1 Nxd5 20. Nxd6 Bxd6 21. Ne4
Nxc3 22. Qxc3 Be7 23. Bd5 f6 24. Re2 Rad8 25. Red2 Bxd5 26. Rxd5 Rxd5 27. Rxd5
Qc6 28. Qc4 b5 29. axb5 axb5 30. Qd3 c4 31. Qd2 Rc8 32. f3 b4 33. Rd7 Bf8 34.
Rf7 Kg8 35. Ra7 c3 36. bxc3 bxc3 37. Qa2+ Qc4 0-1

[Event "Valasska Bystrice Open"]
[Site "?"]
[Date "2011.09.17"]
[Round "9.6"]
[White "Cizinsky, Petr"]
[Black "Alfimov, Igor"]
[Result "0-1"]
[WhiteElo "2178"]
[BlackElo "1888"]
[PlyCount "56"]
[EventDate "2011.09.10"]

1. e4 e5 2. Nf3 Nc6 3. Bb5 a6 4. Ba4 d6 5. O-O Bd7 6. c3 g6 7. d3 h6 8. Be3 Bg7
9. h3 f5 10. exf5 gxf5 11. Re1 Nf6 12. d4 e4 13. d5 Ne7 14. Nd4 b5 15. Bb3 O-O
16. Qd2 Kh7 17. Ne2 Ng6 18. Na3 Nh5 19. Bc2 Qh4 20. Bd4 Rf7 21. Qe3 Re8 22. f3
Ngf4 23. Nxf4 Nxf4 24. fxe4 Bxd4 25. Qxd4 Rg7 26. Kf1 Rxg2 27. exf5 Rf2+ 28.
Qxf2 Qxh3+ 0-1

[Event "Valasska Bystrice Open"]
[Site "?"]
[Date "2011.09.17"]
[Round "9.7"]
[White "Michalcak, Lubomir"]
[Black "Maly, Marek"]
[Result "1/2-1/2"]
[WhiteElo "2100"]
[BlackElo "1996"]
[PlyCount "24"]
[EventDate "2011.09.10"]

1. d4 d5 2. c4 e6 3. Nc3 Nf6 4. cxd5 exd5 5. Bg5 Be7 6. e3 O-O 7. Qc2 Nbd7 8.
Bd3 b6 9. Nf3 Bb7 10. O-O h6 11. Bh4 c5 12. Rfd1 Rc8 1/2-1/2

[Event "Valasska Bystrice Open"]
[Site "?"]
[Date "2011.09.17"]
[Round "9.8"]
[White "Kolasin, Jan"]
[Black "Volodin, Viktor"]
[Result "0-1"]
[WhiteElo "2001"]
[BlackElo "2210"]
[PlyCount "74"]
[EventDate "2011.09.10"]

1. e4 c5 2. Nf3 Nc6 3. d4 cxd4 4. Nxd4 Nf6 5. Nc3 e5 6. Ndb5 d6 7. Nd5 Nxd5 8.
exd5 Nb8 9. c4 a6 10. Nc3 Be7 11. Be2 O-O 12. O-O Nd7 13. b4 a5 14. Qa4 Nb6 15.
Qb3 axb4 16. Qxb4 Nd7 17. a4 b6 18. Be3 f5 19. Rfb1 e4 20. Bxb6 Qe8 21. Nb5 Qg6
22. Bd4 f4 23. Nc7 Rb8 24. Qc3 Rxb1+ 25. Rxb1 f3 26. Bf1 e3 27. Qxe3 Ne5 28.
Re1 Bg5 29. Qc3 fxg2 30. Be2 Qh6 31. Bxe5 dxe5 32. Qxe5 Bh4 33. Kxg2 Bxf2 34.
Ne6 Bxe6 35. dxe6 Bxe1 36. e7 Rf2+ 37. Kh1 Qc6+ 0-1

[Event "Valasska Bystrice Open"]
[Site "?"]
[Date "2011.09.17"]
[Round "9.9"]
[White "Simek, Jiri"]
[Black "Parak, Dominik"]
[Result "1/2-1/2"]
[WhiteElo "2058"]
[BlackElo "2160"]
[PlyCount "33"]
[EventDate "2011.09.10"]

1. e4 e6 2. d4 d5 3. Nd2 Nf6 4. e5 Nfd7 5. Bd3 c5 6. c3 Nc6 7. Ne2 cxd4 8. cxd4
f6 9. exf6 Nxf6 10. Nf3 Bd6 11. Bf4 O-O 12. O-O Bxf4 13. Nxf4 Qd6 14. g3 e5 15.
dxe5 Nxe5 16. Nxe5 Qxe5 17. Qd2 1/2-1/2

[Event "Valasska Bystrice Open"]
[Site "?"]
[Date "2011.09.17"]
[Round "9.10"]
[White "Belunek, Zdenek"]
[Black "Juricek, Stanislav"]
[Result "1/2-1/2"]
[WhiteElo "1976"]
[BlackElo "2131"]
[PlyCount "41"]
[EventDate "2011.09.10"]

1. e4 c5 2. f4 Nc6 3. Nf3 e6 4. Bb5 Nge7 5. b3 d6 6. Bb2 Bd7 7. O-O Qb6 8. c4
a6 9. Ba4 f6 10. Kh1 e5 11. fxe5 dxe5 12. Nc3 O-O-O 13. Nd5 Nxd5 14. cxd5 Nd4
15. Bxd7+ Rxd7 16. Nxd4 exd4 17. Qg4 Qd8 18. Rac1 Kb8 19. b4 cxb4 20. Bxd4 Bd6
21. Rc4 1/2-1/2

[Event "Valasska Bystrice Open"]
[Site "?"]
[Date "2011.09.17"]
[Round "9.11"]
[White "Snyta, Zdenek"]
[Black "Plasek, Radim"]
[Result "0-1"]
[WhiteElo "2076"]
[BlackElo "1957"]
[PlyCount "76"]
[EventDate "2011.09.10"]

1. e4 e6 2. d3 c5 3. g3 d5 4. Nd2 Nc6 5. Bg2 d4 6. f4 f6 7. Nh3 e5 8. O-O Be6
9. Nf3 Qd7 10. Nf2 O-O-O 11. Bd2 Nh6 12. fxe5 fxe5 13. Ng5 Kb8 14. Nxe6 Qxe6
15. Qh5 g6 16. Qh4 Ng8 17. Bh3 Qe8 18. a3 Be7 19. Qg4 h5 20. Qe6 g5 21. Bf5 Rd6
22. Qa2 g4 23. b4 h4 24. Bxg4 hxg3 25. hxg3 Nh6 26. Be2 Qg6 27. Kg2 Bh4 28. Nh1
Rd7 29. Bxh6 Qxh6 30. Rf5 Bg5 31. Nf2 Qh2+ 32. Kf3 Bf4 33. gxf4 exf4 34. Bd1
Qg3+ 35. Ke2 Rh2 36. Rxf4 Qxf4 37. Qg8+ Kc7 38. Qg1 Rf7 0-1

[Event "Valasska Bystrice Open"]
[Site "?"]
[Date "2011.09.17"]
[Round "9.12"]
[White "Riska, Lubomir"]
[Black "Koller, Martin"]
[Result "1-0"]
[WhiteElo "2232"]
[BlackElo "1758"]
[PlyCount "65"]
[EventDate "2011.09.10"]

1. Nf3 Nf6 2. c4 g6 3. Nc3 Bg7 4. e4 d6 5. d4 O-O 6. Be2 e5 7. O-O Nc6 8. d5
Ne7 9. b4 Nh5 10. Re1 h6 11. Nd2 Nf4 12. Bf1 f5 13. g3 Nh5 14. f3 Nf6 15. c5 h5
16. Nc4 f4 17. gxf4 exf4 18. Bb2 Ng4 19. fxg4 f3 20. Re3 hxg4 21. Qd2 Bh6 22.
Nd1 Rf7 23. Nf2 Bf4 24. Nd3 Nxd5 25. exd5 f2+ 26. Qxf2 Bxe3 27. Qxe3 Bf5 28.
Re1 Qh4 29. Qg3 Qg5 30. cxd6 Bxd3 31. Bxd3 Rf3 32. Qe5 Qh4 33. Qg7# 1-0

[Event "Valasska Bystrice Open"]
[Site "?"]
[Date "2011.09.17"]
[Round "9.13"]
[White "Kunc, Miroslav"]
[Black "Foukal, Jiri"]
[Result "1-0"]
[WhiteElo "2094"]
[BlackElo "1915"]
[PlyCount "41"]
[EventDate "2011.09.10"]

1. d4 e6 2. c4 Nf6 3. Nf3 d5 4. e3 c6 5. Bd3 dxc4 6. Bxc4 Bb4+ 7. Bd2 Qb6 8.
Qc2 c5 9. Nc3 Nbd7 10. O-O cxd4 11. exd4 O-O 12. Rae1 a6 13. Bd3 Bd6 14. Bg5 h6
15. Bd2 Qc7 16. Qc1 Nh5 17. Bxh6 gxh6 18. Qxh6 Ndf6 19. Re5 Bxe5 20. dxe5 Ng7
21. exf6 1-0

[Event "Valasska Bystrice Open"]
[Site "?"]
[Date "2011.09.17"]
[Round "9.15"]
[White "Smilek, Petr"]
[Black "Stanek, Stanislav"]
[Result "0-1"]
[WhiteElo "1917"]
[BlackElo "2024"]
[PlyCount "32"]
[EventDate "2011.09.10"]

1. e4 e5 2. f4 exf4 3. Nc3 Qh4+ 4. Ke2 d5 5. Nxd5 Bd6 6. Nf3 Bg4 7. d4 c6 8.
Nc3 Nd7 9. Kd3 Bxf3 10. Qxf3 O-O-O 11. Ne2 f5 12. Nxf4 Bxf4 13. Qxf4 fxe4+ 14.
Kxe4 Qe1+ 15. Kd3 Nc5+ 16. Kc4 b5+ 0-1

[Event "Valasska Bystrice Open"]
[Site "?"]
[Date "2011.09.17"]
[Round "9.16"]
[White "Musil, Vitezslav"]
[Black "Bartosek, Ivan"]
[Result "0-1"]
[WhiteElo "2005"]
[BlackElo "1928"]
[PlyCount "60"]
[EventDate "2011.09.10"]

1. e4 e5 2. Nf3 Nc6 3. Bb5 a6 4. Ba4 Nf6 5. d3 Bc5 6. O-O d6 7. c3 O-O 8. Nbd2
Bg4 9. Bc2 h6 10. Nc4 Nh7 11. Ne3 Bh5 12. Nf5 Ng5 13. Bxg5 hxg5 14. Ng3 Bg4 15.
h3 Bd7 16. Nh2 Ne7 17. b4 Bb6 18. Bb3 Ng6 19. Nf5 Nf4 20. Ng4 g6 21. Nfe3 c6
22. Kh2 Kg7 23. Nc4 Bc7 24. f3 Rh8 25. d4 Bxg4 26. fxg4 d5 27. Nxe5 f6 28. Kg1
fxe5 29. exd5 cxd5 30. Re1 e4 0-1

[Event "Valasska Bystrice Open"]
[Site "?"]
[Date "2011.09.17"]
[Round "9.17"]
[White "Sedivy, Ondrej"]
[Black "Drabek, Miloslav"]
[Result "1/2-1/2"]
[WhiteElo "1782"]
[BlackElo "2005"]
[PlyCount "57"]
[EventDate "2011.09.10"]

1. c4 Nf6 2. Nc3 d6 3. g3 e5 4. Bg2 c6 5. e3 Be7 6. Nge2 O-O 7. d4 Nbd7 8. O-O
Re8 9. b3 exd4 10. Nxd4 Qc7 11. Nf5 Bf8 12. Ba3 Nc5 13. Bxc5 dxc5 14. Nh4 Be6
15. Qc2 g6 16. Rad1 Rad8 17. e4 Rxd1 18. Rxd1 Rd8 19. f4 Ng4 20. Qe2 Rxd1+ 21.
Qxd1 Ne3 22. Qd2 Nxg2 23. Kxg2 Bg7 24. e5 f5 25. Nf3 h6 26. h4 Qd7 27. Qxd7
Bxd7 28. Kf2 Kf7 29. Ke3 1/2-1/2

[Event "Valasska Bystrice Open"]
[Site "?"]
[Date "2011.09.17"]
[Round "9.18"]
[White "Veselsky, Frantisek"]
[Black "Sabolova, Kristyna"]
[Result "1/2-1/2"]
[WhiteElo "1979"]
[BlackElo "1734"]
[PlyCount "51"]
[EventDate "2011.09.10"]

1. e4 c6 2. d4 d5 3. exd5 cxd5 4. Bd3 Nc6 5. c3 Nf6 6. h3 g6 7. Nf3 Bg7 8. O-O
O-O 9. Re1 Re8 10. Bf4 a6 11. Nbd2 Qb6 12. Qb1 Nd7 13. Ne5 Ncxe5 14. dxe5 Nc5
15. Bc2 Bd7 16. Nf3 Na4 17. Bb3 e6 18. Be3 Qc7 19. Bd4 Nb6 20. Bc2 Nc4 21. a4
b5 22. b3 Na5 23. b4 Nc6 24. a5 Rac8 25. Bd3 Rf8 26. Bb6 1/2-1/2

[Event "Valasska Bystrice Open"]
[Site "?"]
[Date "2011.09.17"]
[Round "9.19"]
[White "Kozojed, Vlastislav"]
[Black "Konvicka, Martin"]
[Result "1-0"]
[WhiteElo "1966"]
[BlackElo "1772"]
[PlyCount "79"]
[EventDate "2011.09.10"]

1. d4 Nf6 2. c4 g6 3. Nc3 Bg7 4. e4 d6 5. f3 c6 6. Be3 a6 7. Qd2 b5 8. a3 Nbd7
9. Rd1 Bb7 10. g4 Rc8 11. cxb5 cxb5 12. Nge2 Nb6 13. b3 h5 14. g5 Nfd7 15. Bh3
O-O 16. O-O d5 17. e5 e6 18. Qd3 Qe7 19. b4 Nc4 20. Bc1 Rc7 21. Bg2 Rfc8 22. h4
Ndb6 23. f4 Bf8 24. Bf3 Qd7 25. Nb1 Na4 26. Rde1 Qc6 27. f5 exf5 28. Nf4 Nab6
29. e6 Re8 30. Nc3 Qd6 31. Bxh5 gxh5 32. exf7+ Kxf7 33. g6+ Kg8 34. Rxe8 Re7
35. Re1 Rxe1+ 36. Rxe1 Qf6 37. Re6 Qxh4 38. Qxf5 Qg3+ 39. Ng2 Qc7 40. Qxh5 1-0

[Event "Valasska Bystrice Open"]
[Site "?"]
[Date "2011.09.17"]
[Round "9.20"]
[White "Jurca, Marek"]
[Black "Malcanek, Jan"]
[Result "1/2-1/2"]
[WhiteElo "1865"]
[BlackElo "1943"]
[PlyCount "99"]
[EventDate "2011.09.10"]

1. d4 Nf6 2. c4 e6 3. g3 d5 4. Bg2 a6 5. Nf3 dxc4 6. Ne5 c5 7. O-O cxd4 8. Qc2
Qc7 9. Nxc4 Nbd7 10. Nbd2 Bc5 11. Nb3 Ba7 12. Bd2 Nb6 13. Rac1 Nbd5 14. Qd3 O-O
15. Nxd4 b5 16. Na5 Qd7 17. Ndc6 Re8 18. Rfd1 Qc7 19. Nxa7 Qxa7 20. Nc6 Qd7 21.
Ba5 Bb7 22. Ne5 Qd6 23. Nxf7 Kxf7 24. e4 Rac8 25. exd5 Bxd5 26. Qd4 Rxc1 27.
Rxc1 Kg8 28. Bb4 Qb8 29. Bxd5 Nxd5 30. Rc6 Qb7 31. Rd6 Qf7 32. Rxa6 e5 33. Qc5
Nxb4 34. Qxb4 Qd5 35. Qb3 Qxb3 36. axb3 e4 37. Rb6 Re5 38. Rb7 h5 39. Kf1 Kh7
40. Ke2 Kg6 41. Ke3 Rf5 42. h4 Rf3+ 43. Kxe4 Rxb3 44. Rb6+ Kh7 45. Kf4 Rxb2 46.
f3 Rb3 47. g4 hxg4 48. fxg4 Rb1 49. Kg5 b4 50. Rb7 1/2-1/2

[Event "Valasska Bystrice Open"]
[Site "?"]
[Date "2011.09.17"]
[Round "9.22"]
[White "Pys, Zbynek"]
[Black "Novak, Zdenek"]
[Result "1-0"]
[WhiteElo "1987"]
[BlackElo "1853"]
[PlyCount "89"]
[EventDate "2011.09.10"]

1. Nf3 d5 2. d4 c6 3. e3 Bf5 4. Nbd2 Nf6 5. c4 e6 6. a3 Be7 7. Be2 O-O 8. b3
Nbd7 9. O-O h6 10. Bb2 Rc8 11. Rc1 Re8 12. Ne5 Bd6 13. Ndf3 Ne4 14. h3 Bb8 15.
g4 Bh7 16. Kg2 f6 17. Nd3 f5 18. Nde5 fxg4 19. hxg4 Nxe5 20. dxe5 Ng5 21. Nxg5
Qxg5 22. f4 Be4+ 23. Kg3 Qg6 24. Bf3 Bxf3 25. Qxf3 dxc4 26. Rxc4 Rcd8 27. e4 h5
28. g5 Rd7 29. Kh4 Red8 30. f5 exf5 31. exf5 Qe8 32. Re4 Rd2 33. Rf2 R8d3 34.
Re3 Qd7 35. Rxd2 Rxd2 36. Bc3 Rd5 37. Kxh5 Bc7 38. Kh4 Bb6 39. e6 Qe8 40. Rd3
Qd8 41. Rxd5 cxd5 42. f6 Qd6 43. e7 Qh2+ 44. Kg4 Qg1+ 45. Kh3 1-0

[Event "Valasska Bystrice Open"]
[Site "?"]
[Date "2011.09.17"]
[Round "9.24"]
[White "Vinklarek, Robert"]
[Black "Folta, Frantisek"]
[Result "1-0"]
[WhiteElo "1685"]
[BlackElo "1816"]
[PlyCount "81"]
[EventDate "2011.09.10"]

1. d4 g6 2. c4 Nf6 3. Nc3 Bg7 4. Bf4 O-O 5. e3 d6 6. Nf3 Na6 7. a3 c5 8. Bd3
Bd7 9. O-O Nh5 10. Bg3 Nxg3 11. hxg3 e5 12. dxe5 dxe5 13. Be4 Nc7 14. Qd6 Bc6
15. Rad1 Qxd6 16. Rxd6 Bxe4 17. Nxe4 b6 18. Rfd1 f5 19. Neg5 e4 20. Rd7 Rac8
21. Rxc7 Rxc7 22. Ne6 Re7 23. Nxf8 exf3 24. Nd7 fxg2 25. b3 Kf7 26. Nb8 Be5 27.
Nc6 Re8 28. Rd7+ Ke6 29. Rxh7 a5 30. Rb7 Bb2 31. Rxb6 Bxa3 32. Nxa5+ Kf7 33.
Nb7 Ra8 34. Kxg2 Bb4 35. Rc6 Ra3 36. Nxc5 Bxc5 37. Rxc5 Rxb3 38. Rc6 Rc3 39.
Kf3 g5 40. g4 f4 41. Ke4 1-0

[Event "Valasska Bystrice Open"]
[Site "?"]
[Date "2011.09.17"]
[Round "9.26"]
[White "Olsar, Zdenek"]
[Black "Matas, Stanislav"]
[Result "1/2-1/2"]
[WhiteElo "1985"]
[BlackElo "1764"]
[PlyCount "32"]
[EventDate "2011.09.10"]

1. e4 c5 2. Nf3 Nc6 3. d4 cxd4 4. Nxd4 e5 5. Nb5 a6 6. Nd6+ Bxd6 7. Qxd6 Qf6 8.
Qd1 Qg6 9. Nc3 d5 10. Nxd5 Qxe4+ 11. Be3 Nd4 12. Nc7+ Ke7 13. Nxa8 Nxc2+ 14.
Ke2 Nxe3 15. fxe3 Nf6 16. Qb3 Rd8 1/2-1/2

[Event "Valasska Bystrice Open"]
[Site "?"]
[Date "2011.09.17"]
[Round "9.28"]
[White "Korinek, Jaroslav"]
[Black "Rucka, Petr"]
[Result "1-0"]
[WhiteElo "1792"]
[BlackElo "1942"]
[PlyCount "75"]
[EventDate "2011.09.10"]

1. e4 e6 2. d4 d5 3. Nd2 Nf6 4. e5 Nfd7 5. f4 c5 6. Ngf3 cxd4 7. Nxd4 Nc6 8. c3
Qb6 9. N2b3 Be7 10. Bd3 Nxd4 11. cxd4 g6 12. Bd2 a5 13. a4 O-O 14. O-O Nb8 15.
Be3 Nc6 16. Rf3 Nb4 17. Bb5 Rd8 18. g4 Bd7 19. Bxd7 Rxd7 20. f5 exf5 21. gxf5
gxf5 22. Rg3+ Kh8 23. Qh5 Qe6 24. Bg5 Rg8 25. Rc1 Rdd8 26. Nc5 Qg6 27. Qxg6
Rxg6 28. Bxe7 Rc8 29. Rf1 b6 30. Nd7 Rc7 31. Bf6+ Kg8 32. Nxb6 Rc2 33. Rxf5
Rxb2 34. Rh5 Rd2 35. Rxg6+ fxg6 36. Rh4 h5 37. e6 Re2 38. Be5 1-0

[Event "Valasska Bystrice Open"]
[Site "?"]
[Date "2011.09.17"]
[Round "9.29"]
[White "Vaculik, Jakub"]
[Black "Fiala, Jan"]
[Result "1/2-1/2"]
[WhiteElo "1783"]
[BlackElo "1932"]
[PlyCount "42"]
[EventDate "2011.09.10"]

1. e4 c5 2. Nf3 d6 3. d4 cxd4 4. Nxd4 Nf6 5. Nc3 g6 6. h3 Bg7 7. Be3 O-O 8. Bc4
Nc6 9. O-O Bd7 10. Qd2 Re8 11. Rad1 Rc8 12. Bb3 Ne5 13. Qe2 a6 14. f4 Nc6 15.
e5 Nxd4 16. Bxd4 Nh5 17. e6 Bxd4+ 18. Rxd4 fxe6 19. Bxe6+ Kg7 20. Kh2 Bxe6 21.
Qxe6 Qb6 1/2-1/2

[Event "Valasska Bystrice Open"]
[Site "?"]
[Date "2011.09.17"]
[Round "9.30"]
[White "Vranova, Jarmila"]
[Black "Ambros, Zdenek"]
[Result "0-1"]
[WhiteElo "1717"]
[BlackElo "1888"]
[PlyCount "66"]
[EventDate "2011.09.10"]

1. e4 d6 2. d4 Nf6 3. Nc3 c6 4. f4 g6 5. Nf3 Bg7 6. Bc4 O-O 7. Be3 d5 8. Bd3
dxe4 9. Nxe4 Bg4 10. c3 Nbd7 11. h3 Bxf3 12. Qxf3 Nxe4 13. Qxe4 Nf6 14. Qf3 Nd5
15. Bf2 Qc7 16. Bg3 Qb6 17. O-O-O e6 18. Bh4 c5 19. f5 cxd4 20. c4 Ne3 21. Rde1
exf5 22. Bg5 Rfe8 23. g4 Qb4 24. gxf5 Nxc4 25. Rxe8+ Rxe8 26. Qf2 Ne5 27. Bb1
Qc4+ 28. Kd1 f6 29. Bd2 Nd3 30. Bxd3 Qxd3 31. fxg6 hxg6 32. Qg2 Bh6 33. Rg1
Qb1+ 0-1

[Event "Valasska Bystrice Open"]
[Site "?"]
[Date "2011.09.17"]
[Round "9.31"]
[White "Luzikova, Nicola"]
[Black "Vanhara, Petr"]
[Result "0-1"]
[WhiteElo "1781"]
[BlackElo "1849"]
[PlyCount "90"]
[EventDate "2011.09.10"]

1. d4 d5 2. Nf3 Nf6 3. c4 c6 4. Nc3 e6 5. Bg5 h6 6. Bh4 dxc4 7. e4 g5 8. Bg3 b5
9. Be2 Bb7 10. h4 g4 11. Ne5 b4 12. Na4 Nxe4 13. Nxg4 c5 14. Nxc5 Bxc5 15. dxc5
Nxg3 16. Qxd8+ Kxd8 17. fxg3 Bxg2 18. Rg1 Bd5 19. Ne5 Ke7 20. Rf1 Rf8 21. Bh5
Nd7 22. Nxd7 Kxd7 23. Rxf7+ Rxf7 24. Bxf7 Rf8 25. Bh5 Kc6 26. Ke2 Kxc5 27. Rf1
Rxf1 28. Kxf1 Kd4 29. Bd1 c3 30. bxc3+ bxc3 31. Ke2 Bc4+ 32. Ke1 Bxa2 33. Bc2
Bc4 34. g4 e5 35. g5 hxg5 36. hxg5 e4 37. g6 a5 38. g7 Bg8 39. Kf2 Kc5 40. Ke3
Kb4 41. Kd4 e3 42. Kxe3 a4 43. Kd4 a3 44. Bb1 Kb3 45. Kd3 Kb2 0-1

[Event "Valasska Bystrice Open"]
[Site "?"]
[Date "2011.09.17"]
[Round "9.32"]
[White "Oktavec, Ivan"]
[Black "Micka, Jaroslav"]
[Result "0-1"]
[WhiteElo "1713"]
[BlackElo "1835"]
[PlyCount "88"]
[EventDate "2011.09.10"]

1. d4 e6 2. c4 Bb4+ 3. Bd2 a5 4. a3 Bxd2+ 5. Qxd2 Nf6 6. Nc3 Qe7 7. Nf3 d6 8.
e3 e5 9. d5 O-O 10. Be2 Na6 11. O-O Nc5 12. Qd1 Nfe4 13. Nxe4 Nxe4 14. Nd2 Nxd2
15. Qxd2 Bd7 16. Rfc1 b6 17. h3 h6 18. Re1 Qg5 19. Kh2 h5 20. Rh1 Qh6 21. Kg1
g5 22. Qd1 h4 23. Qd2 f5 24. f3 Rf7 25. Rf1 Raf8 26. Kh2 Qf6 27. Qc3 Qg7 28.
Qc1 Rf6 29. Kg1 Rh6 30. Rf2 Rff6 31. Kf1 g4 32. fxg4 fxg4 33. Rxf6 Rxf6+ 34.
Ke1 gxh3 35. gxh3 Rg6 36. Kd2 Rg3 37. Qf1 Qg5 38. Rh2 Qxe3+ 39. Kd1 Qg5 40. Rh1
Ba4+ 41. Ke1 Kg7 42. Kf2 Qf4+ 43. Ke1 Qc1+ 44. Kf2 Qxb2 0-1

[Event "Valasska Bystrice Open"]
[Site "?"]
[Date "2011.09.17"]
[Round "9.33"]
[White "Horak, Karel"]
[Black "Bambusek, Vladislav"]
[Result "1-0"]
[WhiteElo "1828"]
[BlackElo "1713"]
[PlyCount "57"]
[EventDate "2011.09.10"]

1. e4 c5 2. Nf3 Nc6 3. d4 cxd4 4. Nxd4 e6 5. Nc3 a6 6. a3 g6 7. Be3 Bg7 8. Qd2
Nge7 9. O-O-O O-O 10. h4 Ne5 11. Be2 h5 12. Bh6 Kh7 13. Bxg7 Kxg7 14. f4 Ng4
15. Bxg4 hxg4 16. h5 f5 17. Nxe6+ dxe6 18. Qxd8 Rxd8 19. Rxd8 gxh5 20. Rxh5 Ng6
21. g3 b5 22. exf5 exf5 23. Ne2 Kf6 24. Nd4 Ne7 25. Rhh8 Ra7 26. Rhf8+ Kg7 27.
Rxc8 Nxc8 28. Rxc8 Rf7 29. Rc6 1-0

[Event "Valasska Bystrice Open"]
[Site "?"]
[Date "2011.09.17"]
[Round "9.35"]
[White "Jasny, Stanislav"]
[Black "Prokopova, Jirina"]
[Result "1-0"]
[WhiteElo "1858"]
[BlackElo "1709"]
[PlyCount "117"]
[EventDate "2011.09.10"]

1. e4 e6 2. d4 d5 3. Nd2 Nf6 4. e5 Nfd7 5. Ngf3 c5 6. c3 Nc6 7. Bb5 Qb6 8. Bxc6
bxc6 9. O-O cxd4 10. cxd4 c5 11. dxc5 Bxc5 12. a3 Ba6 13. b4 Bd4 14. Nxd4 Qxd4
15. Nb3 Qxe5 16. Re1 Qd6 17. Qg4 Rg8 18. Bf4 Qe7 19. Qg3 Bc4 20. Nd4 Qf6 21.
Nc6 g5 22. Bd6 h5 23. Rad1 h4 24. Qe3 Nb6 25. Ne7 Rf8 26. Nxd5 Bxd5 27. Bxf8
Kxf8 28. Qc5+ Qe7 29. Qd4 Kg8 30. a4 Rd8 31. a5 Nc4 32. Qc3 f6 33. Rxd5 Rxd5
34. Qxc4 Qd7 35. h3 Kf7 36. Qg4 Rd4 37. Qh5+ Kg7 38. Qe2 e5 39. Rb1 Qf5 40. Qb2
Qf4 41. Qc3 Rc4 42. Qe1 a6 43. Kf1 Rc2 44. Kg1 g4 45. hxg4 Qxg4 46. Qe3 Rc4 47.
b5 axb5 48. Rxb5 Qd1+ 49. Kh2 Qa4 50. Rb7+ Kg6 51. Qd3+ f5 52. Qd6+ Kg5 53.
Qxe5 Rc6 54. Rg7+ Rg6 55. Qe7+ Kh5 56. Rh7+ Rh6 57. Rxh6+ Kxh6 58. Qf6+ Kh7 59.
Qxf5+ 1-0

[Event "Valasska Bystrice Open"]
[Site "?"]
[Date "2011.09.17"]
[Round "9.36"]
[White "Ruzicka, Vaclav"]
[Black "Capil, Dalibor"]
[Result "1-0"]
[WhiteElo "1743"]
[BlackElo "1461"]
[PlyCount "108"]
[EventDate "2011.09.10"]

1. c4 c5 2. Nc3 Nc6 3. g3 d6 4. Bg2 Bd7 5. e4 g6 6. d3 Bg7 7. Nge2 Rb8 8. f4
Nd4 9. O-O Qc8 10. Nxd4 Bxd4+ 11. Kh1 Bh3 12. Nb5 Bxg2+ 13. Kxg2 a6 14. Nxd4
cxd4 15. Qa4+ b5 16. cxb5 axb5 17. Qxd4 f6 18. Bd2 h5 19. h3 Nh6 20. Rac1 Qb7
21. a4 Nf7 22. axb5 Qxb5 23. Bc3 O-O 24. Ra1 Rbd8 25. Ra5 Qc6 26. Kg1 Qc8 27.
Kh2 Kh7 28. Ra7 Rd7 29. Rxd7 Qxd7 30. e5 Qe6 31. exf6 Rg8 32. fxe7 Qxe7 33. Re1
Qb7 34. Re4 g5 35. Qf6 Rg6 36. Qf5 gxf4 37. Rxf4 Nh6 38. Qf8 Rg8 39. Qxd6 Rg6
40. Qe5 Rg8 41. Qxh5 Qe7 42. Qe5 Qd8 43. d4 Re8 44. Qh5 Re7 45. Rf6 Re2+ 46.
Qxe2 Qxf6 47. d5 Qd6 48. Qe4+ Kg8 49. Qe6+ Qxe6 50. dxe6 Kf8 51. Bb4+ Kg7 52.
e7 Kf7 53. Bc5 Ng8 54. b4 Nf6 1-0